Responses for Show #6805 - Friday, March 28, 2014

Contestants

[<< previous game]

Julia Levine, an attorney from Los Angeles, California

Douglas Beeler, a fertilizer market manager from Roanoke, Virginia

Amy Nienaber, an aspiring student from Bettendorf, Iowa (whose 1-day cash winnings total $21,000)

[next game >>]

Jeopardy! Round responses

5-LETTER MAMMALS
(Alex: Next, we want you to name the TV show. We'll give you the...)
TV TITLE PAIRS
THE DECLARATION OF INDEPENDENCE
HANDLING SOME T-N-T
(Alex: Each correct response will begin with a "T", end with a "T", and there will be an "N" somewhere in there--not necessarily in the middle.)
FOOTPRINTS
IN THE SAND
    $200 6
a sheep

Amy
    $200 1
Will and Grace

Julia
    $200 11
July 4, 1776

Douglas
    $200 24
a tangent

Julia
    $200 16
the moon

Douglas
    $200 17
the Sahara

Amy
    $400 7
a zebra

Amy
    $400 2
Beavis and Butthead

Julia
    $400 12
taxes

Amy
    $400 25
a tyrant

Julia
    $400 20
Paul Bunyan

Julia
    $400 18
Yoda

Amy
    $600 8
a dingo

Amy
    $600 3
Mike and Molly

Julia
    $600 13
the Continental Congress

Amy
    $600 28
a trinket

Amy
    $600 21
the World Trade Center towers

Douglas
    $600 19
dunes

Julia
    $800 9
a bison

Julia
    $800 4
Starsky and Hutch

Julia
    $800 14
Samuel Adams

Julia
    $800 29
to taint

Triple Stumper
    $800 26
a carbon footprint

Amy
    $800 22
a sidewinder

Amy
    $1000 10
a civet

Amy
    $1000 5
Franklin and Bash

Triple Stumper
    $1,000 15
(Julia: What are, um, innate--or, uh, unnate?)

unalienable

Julia
    $1000 30
a turnabout

Julia
    $1000 27
the Buddha

Amy
    $1000 23
Brian Wilson

Julia

Scores at the first commercial break (after clue 15):

Amy Douglas Julia
$3,200 $200 $2,600

Scores at the end of the Jeopardy! Round:

Amy Douglas Julia
$7,000 $1,000 $6,200

Double Jeopardy! Round responses

THE STATE HOLDING THE FORT
WE'VE GOT CHEMISTRY
ADVERBS
CONSERVATIVE READING LIST
BLOWING MY MIND
PLAYING BONNAROO
    $400 1
Texas

Julia
    $400 4
rust

Julia
    $400 16
well

Julia
    $400 11
(Amy: What is Harvard?)

Yale

AmyJulia
    $400 13
bagpipes

Amy
    $400 2
Tennessee

Julia
    $800 18
(Alex: That's the state!)

New York

Amy
    $4,000 7
quinine

Amy
    $800 17
accordingly (appropriately accepted)

Douglas
    $800 14
poverty

Amy
    $1,600 24
Winnie the Pooh

Amy
    $800 3
Bruce Springsteen

Amy
    $1200 19
Georgia

Douglas
    $1200 8
(Julia: What is plastic?)

Teflon

AmyJulia
    $1200 28
feverishly (heatedly accepted)

Julia
    $1200 15
Sean Hannity

Julia
    $1200 25
an ill wind

Julia
    $1200 5
Eminem

Julia
    $1600 20
Virginia

Douglas
    $1600 9
nicotine

Amy
    $1600 29
[The end-of-round signal sounds.]

Dangerously

Amy
    $1600 22
consequences

Amy
    $1600 27
Sax

Amy
    $1600 6
(Daryl) Hall

Amy
    $2000 21
Oklahoma

Amy
    $2000 10
(Julia: What is specific heat?)

latent heat

Julia
Triple Stumper
    $2000 30
(Julia: What is reluctantly?)
...
(Alex: You're gonna love it. "Removed the right atrium & ventricle", he said [*].)

halfheartedly

Julia
Triple Stumper
    $2000 23
Whittaker Chambers

Amy
    $2000 26
(Alex: Judge has declared it [*]--not a mistrial.)

a mistral

Triple Stumper
    $2000 12
Radiohead

Julia

Scores at the end of the Double Jeopardy! Round:

Amy Douglas Julia
$28,200 $4,600 $9,800
(lock game)

[wagering suggestions for these scores]

Final Jeopardy! Round responses

OSCAR NOMINATIONS
(Alex: [To Amy] Who is Ruth?)
(Amy: Uh, my ex-dental hygienist.)
[Laughter]
DouglasWhat ??
$4,600
JuliaWhat is Dr. Zhivago
$10
AmyWhat is "Reds"? Hi Ruth!
$1,800
Reds

Final scores:

Amy Douglas Julia
$30,000 $0 $9,790
2-day champion: $51,000 3rd place: $1,000 2nd place: $2,000

Game dynamics:

Coryat scores:

Amy Douglas Julia
$24,200 $4,600 $10,800
26 R
(including 2 DDs),
1 W
6 R,
0 W
22 R,
4 W
(including 1 DD)

Combined Coryat: $39,600

[game clues] [game scores] [suggest correction]

Game tape date: 2013-12-04
The J! Archive is created by fans, for fans. Scraping, republication, monetization, and malicious use prohibited; this site may use cookies and collect identifying information. See terms. The Jeopardy! game show and all elements thereof, including but not limited to copyright and trademark thereto, are the property of Jeopardy Productions, Inc. and are protected under law. This website is not affiliated with, sponsored by, or operated by Jeopardy Productions, Inc. Join the discussion at JBoard.tv.